Use of high performance computing in meteorology : Proceedings of the Eleventh ECMWF Workshop on the Use of High Performance Computing in Meteorology : Reading, UK, 25-29 October 2004

Geosciences and, in particular, numerical weather prediction are demanding the highest levels of available computer power. The European Centre for Medium-Range Weather Forecasts, with its experience in using supercomputers in this field, organizes every other year a workshop bringing together manufa...

Fuld beskrivelse

Đã lưu trong:
Bibliografiske detaljer
Format: Bog
Sprog:Undetermined
Udgivet: Singapore World Scientific 2005
Fag:
Tags: Tilføj Tag
Ingen Tags, Vær først til at tagge denne postø!
Thư viện lưu trữ: Trung tâm Học liệu Trường Đại học Cần Thơ
LEADER 01462nam a2200217Ia 4500
001 CTU_156809
008 210402s9999 xx 000 0 und d
020 |c 227 
082 |a 550.285 
082 |b U84 
245 0 |a Use of high performance computing in meteorology : 
245 0 |b Proceedings of the Eleventh ECMWF Workshop on the Use of High Performance Computing in Meteorology : Reading, UK, 25-29 October 2004 
245 0 |c editors, Walter Zwieflhofer, George Mozdzynski 
260 |a Singapore 
260 |b World Scientific 
260 |c 2005 
520 |a Geosciences and, in particular, numerical weather prediction are demanding the highest levels of available computer power. The European Centre for Medium-Range Weather Forecasts, with its experience in using supercomputers in this field, organizes every other year a workshop bringing together manufacturers, computer scientists, researchers and operational users to share their experiences and to learn about the latest developments. This volume provides an excellent overview of the latest achievements and plans for the use of new parallel techniques in the fields of meteorology, climatology and oceanography. 
650 |a Meteorology,Atmospheric physics,Parallel processing (Electronic computers),Supercomputers 
650 |x Mathematical models,Data processing,Mathematical models,Data processing 
904 |i Bạch Trúc 
980 |a Trung tâm Học liệu Trường Đại học Cần Thơ